BIBLIOTECA

SENCICO

El dibujo en arquitectura : Técnicas, Tipos y Lugares (Registro nro. 2454)

Detalles MARC
000 -LEADER
fixed length control field 00738nam a2200253Ia 4500
005 - DATE AND TIME OF LATEST TRANSACTION
control field 20251020182543.0
008 - FIXED-LENGTH DATA ELEMENTS--GENERAL INFORMATION
fixed length control field 200515s9999 xx 000 0 und d
020 ## - INTERNATIONAL STANDARD BOOK NUMBER
International Standard Book Number 978-84-9801-488-4
082 ## - DEWEY DECIMAL CLASSIFICATION NUMBER
Classification number 744.72/D63/ej.2
100 ## - MAIN ENTRY--PERSONAL NAME
Personal name Dernie, David
245 #0 - TITLE STATEMENT
Title El dibujo en arquitectura : Técnicas, Tipos y Lugares
250 ## - EDITION STATEMENT
Edition statement 1a ed.
260 ## - PUBLICATION, DISTRIBUTION, ETC.
Place of publication, distribution, etc. Barcelona
260 ## - PUBLICATION, DISTRIBUTION, ETC.
Name of publisher, distributor, etc. BLUME
260 ## - PUBLICATION, DISTRIBUTION, ETC.
Date of publication, distribution, etc. 2010
300 ## - PHYSICAL DESCRIPTION
Extent 208 p.
300 ## - PHYSICAL DESCRIPTION
Other physical details il., graf.
500 ## - GENERAL NOTE
General note 1 ejemplar
520 ## - SUMMARY, ETC.
Summary, etc. Todas las modalidades de presentación visual en dos dimensiones, desde sencillos esbozos a mano hasta complejas imágenes generadas por ordenador.
650 ## - SUBJECT ADDED ENTRY--TOPICAL TERM
Topical term or geographic name entry element DIBUJO
650 ## - SUBJECT ADDED ENTRY--TOPICAL TERM
Topical term or geographic name entry element DIBUJO ARQUITECTONICO
942 ## - ADDED ENTRY ELEMENTS (KOHA)
Koha item type Libros
Existencias
Fecha de la última vez que lo usaron Pago total Signatura topográfica completa Código de barras Precio efectivo desde Tipo de documento Estado perdido Estado dañado No es para préstamo Retirado Ubicación permanente Ubicación actual Fecha de adquisición
15/05/2020   744.72/D63/ej.2 Bib-Lima15052454 15/05/2020 Libros         Biblioteca Central Lima Biblioteca Central Lima 15/05/2020